000 00890nam a2200253Ia 4500
003 OSt
005 20220923211422.0
006 a|||||r|||| 00| 0
007 ta
008 220922b |||||||| |||| 00| 0 pan d
020 _a9788193452936 (hbk)
_c600
024 _a329,592
037 _b1011, 25/01/2018, H.K. Prakashan
_cTextual
040 _aARTS
_cARTS
_bpan
041 _2pan
_apan
082 _aV2:51.N5, 153Q7
100 _aਸਿੰਘ, ਰਾਏਜਸਬੀਰ, ਂਚ.
245 0 _aਫ਼ਦਰ ਲਹਿਰ ਸੋ੍ਰਤ ਅਧਿਐਨ
260 _aਅੰਮ੍ਰਿਤਸਰ
_b ਕੇ. ਜੀ. ਗ੍ਰਾਫਿਕਸ
_c2017
300 _a432ਪ0
_ccm.
650 _aਇਤਿਹਾਸ
_9156320
942 _hV2:51.N5, 153Q7
_cTEXL
_2CC
999 _c299284
_d299284